1793 1174 1517 1653 1207 1839 1139 1373 1441 1201 1364 1794 1595 1699 1073 1734 1631 1784 1739 1250 1350 1861 1784 1653 1331 1286 1633 1714 1420 1183 1922 1359 1825 1701 1579 1509 1040 1418 1603 1048 1926 1629 1416 1786 1755 1329 1887 1229 1831 1275 1882 1338 1152 1746 1828 1690 1129 1311 1662 1382 1066 1093 1399 1665 1253 1640 1723 1056 1736 1631 1596 1316 1640 1272 1725 1719 1365 1745 1136 1995 1349 1524 1614 1948 1382 1913 1901 1704 1858 1842 1630 1374 1373 1760 1528 1899 1390 1950 1002 BCNSPRNW ULIB Ver.6.0+V

เปลี่ยนเป็นภาษาไทย

Change to English
 แสดงรายละเอียดบรรณานุกรม
  กลับหน้าหลัก

Brief Record : Get Marc (ISO 2709) : E-mail record : QR code < ปิดหน้าต่าง
LEADER : 00000nam 2200000uu 4500
001    13399123331
003     ULIB
008    140822s2537||||th 000 0 tha d
020    ^a9748359956
050 0  ^aDS578.32.S546^bน221ค
100 0  ^aนางสนองพระโอษฐ์ในสมเด็จพระนางเจ้าฯ พระบรมราชินีนาถ
245 00 ^aเคียงราษฎร์/^cนางสนองพระโอษฐ์ในสมเด็จพระนางเจ้าฯ พระบรมราชินีนาถ
260    ^aกรุงเทพฯ:^bอมรินทร์พริ้นติ้งกรุ๊พ;^c2537.
300    ^a413 หน้า:^bภาพประกอบ;^c20 ซม.
650  0 ^aสมเด็จพระนางเจ้าสิริกิตติ์ พระบรมราชินีนาถ
945    ^p0^l0^i034633
999    ^aเกษร โพธิ์สุวรรณ
รายการนี้ยังไม่มีแท็ก
คุณยังไม่ได้ล็อกอิน คุณสามารถมีกิจกรรมร่วมกับเว็บไซต์ได้ แต่ต้องล็อกอินก่อน ::
  ล็อกอิน

รายการสื่อสารสนเทศ

ลำดับที่ ประเภท เลขเรียก/บาร์โค้ด สถานที่ สถานะ
1. การศึกษาทั่วไป
การศึกษาทั่วไป
DS578.32.S546 น221ค ฉ.1 
  Barcode: 034633
ห้องสมุดวิทยาเขตสวรรค์ประชารักษ์
►หนังสือทั่วไป
บนชั้น

BibComment


ยังไม่เคยถูกคอมเมนท์

คอมเมนท์ทรัพยากรรายการนี้
  คอมเมนท์: เคียงราษฎร์ นางส..


 Copyright 2026. Bcnsprnw @Library